| 000 | 02673nam0a2200445 4500 | ||
|---|---|---|---|
| 001 | RU\NLR\bibl\1350259 | ||
| 005 | 20260406082354.0 | ||
| 010 |
_a978-5-7797-0659-9 _95000 |
||
| 021 |
_aRU _b2009-7527 _9432 |
||
| 035 | _a(nilc)RSL-KNO-004245438 | ||
| 035 | _a(NLR Aleph) 001335353 | ||
| 090 |
_a826632 _c826632 |
||
| 100 | _a20090225d2008 |||y0rusy50 ca | ||
| 101 | 0 | _arus | |
| 102 | _aRU | ||
| 105 | _aa ||||||||| | ||
| 200 | 1 |
_a5000 строк о любви _e100 русских поэтов _f[сост. М. А. Нянковский _gхудож.: Г. В. Соколов] |
|
| 210 |
_aЯрославль _cАкадемия развития _cАкадемия холдинг _d2008 |
||
| 215 |
_a223 с. _cил. _d18 |
||
| 225 | 1 | _aДля девочек и мальчиков | |
| 327 | 0 | _aСодерж.: Авторы: Геннадий Алексеев, Джек Алтаузен, Иннокентий Анненский, Павел Антокольский, Эдуард Асадов, Николай Асеев, Анна Ахматова, Константин Бальмонт, Ирина Баринова, Александр Башлачев [и др.] | |
| 606 | 1 |
_aЛюбовь _xв художественной литературе _91555458 _3RU\NLR\AUTH\66679756 |
|
| 610 | 0 | _aФилологические науки. Художественная литература -- Российская Федерация -- Русская литература -- Произведения художественной литературы -- Поэзия -- Сборники разных авторов | |
| 610 | 0 | _aФилологические науки. Художественная литература -- Российская Федерация -- Русская литература -- Произведения художественной литературы -- Отдельные темы в литературе | |
| 610 | 0 | _aрусская любовная лирика | |
| 686 |
_aШ5(2=Р)-65я43 _2rubbk |
||
| 686 |
_aШ5(2=Р)-694любовь _2rubbk |
||
| 686 | 2 | _aШ6(2=Р)-5 | |
| 686 | 2 | _aШ6(2=Р)-94 | |
| 702 | 1 |
_4220 _8rus _7ca _aНянковский _bМ. А. _f1962- _gМихаил Александрович _3RU\NLR\AUTH\771211 _9111240 |
|
| 702 | 1 |
_4440 _8rus _7ca _aСоколов _bГ. В. _cхудожник _f1949-2017 _gГеннадий Валентинович _3RU\NLR\AUTH\7747523 _930458 |
|
| 801 | 0 |
_aRU _bРКП _c20090225 _grcr |
|
| 801 | 1 |
_aRU _bРГБ _c20090225 |
|
| 801 | 2 |
_aRU _bNLR _c20090402 _grcr |
|
| 942 | _cBOOK | ||
| 980 | _aNB | ||